| 000 | 00470nam a2200205Ia 4500 | ||
|---|---|---|---|
| 008 | 150909s9999 xx 000 0 und d | ||
| 020 | _a8178885648 | ||
| 041 | _aEnglish | ||
| 082 | _a630 | ||
| 082 | _bKUM/AG | ||
| 100 | _aKumar D | ||
| 100 | _eAuthor | ||
| 245 | _aAgriculture under globalization | ||
| 260 | _aNew Delhi | ||
| 260 | _bDominant publishers | ||
| 260 | _c2009 | ||
| 365 | _aRs.650/- | ||
| 650 | _aGlobalization | ||
| 942 | _cBB | ||
| 999 |
_c196875 _d196875 |
||